Statistics for Category Elimination - NBA Players #2

Click here to take the quiz!

General Stats

  • This quiz has been taken 2,187 times
  • The average score is 12 of 20

Answer Stats

Group#Category% Correct
Green45Current players that play on a team in Texas
96%
Green22... who is a guard
90%
Yellow41Player over 7 ft. tall
87%
Green6... and average over 12 ppg
86%
Yellow28... who is retired
86%
Pink75Current starter in the western conference
82%
Yellow10... and averaged over 10 ppg
81%
Pink30... who is a guard
80%
Blue86Current players whose last name starts with d through i
78%
Blue61... 6'6" or taller
73%
Pink11... whose number is in the single digits
71%
Yellow6... who has not won a championship
61%
Blue36... and is in the eastern conference
54%
Yellow1... and has played alongside Kyle LowryYao Ming
51%
Blue8... and has been an all star
47%
Green3... who hasn't played in an all star game
37%
Pink4... who was drafted within the last three years
34%
Green1... but has won an event in all star weekendEric Gordon
18%
Pink1... and averages over 5 rpg and apgLonzo Ball
16%
Blue1... and was traded in 2020Andre Drummond
6%

Score Distribution

Percentile by Number Answered

Percent of People with Each Score

Your Score History

You have not taken this quiz